| 000 | 00524nam a2200169Ia 4500 | ||
|---|---|---|---|
| 999 |
_c8056 _d8056 |
||
| 003 | OSt | ||
| 005 | 20200130132532.0 | ||
| 008 | 190216s9999||||xx |||||||||||||| ||und|| | ||
| 020 | _a978818915636 | ||
| 040 | _coclc | ||
| 082 |
_a332.60954 _bNAG/P |
||
| 100 |
_a Nagpal, Sushant _91132 |
||
| 245 | 0 |
_aPsychology Of Investments And Investor's Preferences / _cSushant Nagpal |
|
| 260 |
_bRegal Publications, _c2007. _aNew Delhi: |
||
| 300 | _a284p | ||
| 942 |
_cBK _2ddc _h332.60954 _iNAG/P _k332.60954 _mNAG/P |
||